| 000 | 00559nam a2200157Ia 4500 | ||
|---|---|---|---|
| 003 | IN-BaIIA | ||
| 008 | 211028s9999 xx 000 0 eng d | ||
| 040 | _cIIA Library | ||
| 080 |
_a047:331.2 _bAIRF-3 |
||
| 110 |
_aAll India Railwaymen's Federation _921347 |
||
| 245 | 0 |
_aReports of the fifth central pay commission _bvol. 3 _cAll India Railwaymen's federation |
|
| 260 |
_aNew Delhi _bAll India Railwaymen's Federation _c1997 |
||
| 300 | _aviii, 2054p | ||
| 650 |
_aPay commission-report, fifth pay commission _921348 |
||
| 942 | _cBK | ||
| 999 |
_c12218 _d12218 |
||